| 000 | 01287cam a22003617a 4500 | ||
|---|---|---|---|
| 003 | CHAP | ||
| 005 | 20220817043940.0 | ||
| 008 | 040615d2003 mx r 00110 spa d | ||
| 010 | _a88496 | ||
| 011 | _a89468 | ||
| 035 | _a100019 | ||
| 040 | _cCHAP | ||
| 090 | _aTesis | ||
| 100 | 0 | 0 |
_aGonzález Embarcadero, Antonia. _948874 |
| 245 | 1 | 0 |
_aSistema didáctico para la enseñanza y aprendizaje de botánica de forrajes en la carrera de Ingeniero Agrónomo Especialista en Zootecnia _c/por Antonia González Embarcadero |
| 260 |
_aChapingo, Méx. : _bEl autor, _c2003. |
||
| 300 | _a192 h. | ||
| 502 | _aTesis (Dr. en Ciencias en Educación Agrícola Superior) -- UACH Departamento de Sociología Rural | ||
| 590 |
_aALEPH _b10 _c20130110 |
||
| 590 |
_aBATCH-UPD _b10 _c20130110 |
||
| 590 |
_aBATCH-UPD _b10 _c20130110 |
||
| 590 |
_aBATCH-UPD _b10 _c20130409 |
||
| 590 |
_aBATCH-UPD _b10 _c20130914 |
||
| 590 |
_aCONVERSION _b10 _c20130109 |
||
| 650 | 1 | 4 |
_aBotánica _xEstudio y enseñanza. _914538 |
| 650 | 1 | 4 |
_aEnseñanza _xMetodología. _937086 |
| 650 | 1 | 4 | _aForrajes. |
| 901 | _aBK | ||
| 905 | _aMayto Villalobos S. | ||
| 942 |
_cFOLL _2ddc |
||
| 949 |
_aTesis _bBC _cTES _d100019 _eTS1 _h42111 _i100019 _sb |
||
| 949 |
_aTesis _bBC _cTES _d33724000926226 _eTS2 _fc.2 _h42112 _i100019 _si |
||
| 999 |
_c88496 _d88496 |
||